|
|
|
|
| LEADER |
00000nam2a2200000 4500 |
| 001 |
222336 |
| 005 |
20231031200018.0 |
| 010 |
|
|
|a 5376006166
|
| 035 |
|
|
|a (RuTPU)RU\TPU\book\242526
|
| 035 |
|
|
|a RU\TPU\book\241500
|
| 090 |
|
|
|a 222336
|
| 100 |
|
|
|a 20120922d1990 k y0rusy50 ca
|
| 101 |
0 |
|
|a rus
|
| 102 |
|
|
|a MW
|
| 105 |
|
|
|a a 001zy
|
| 200 |
0 |
|
|a Вып. 112: Геометрические методы в теории дифференциальных уравнений
|f отв. ред. К. С. Сибирский
|
| 210 |
|
|
|d 1990
|
| 215 |
|
|
|a 187 с.
|
| 320 |
|
|
|a Библиогр. в конце статей
|
| 461 |
|
1 |
|0 (RuTPU)RU\TPU\book\32357
|t Математические исследования
|o [сборник статей]
|f Академия наук Молдавской ССР (АН МССР), Институт математики с вычислительным центром (ИМсВЦ)
|v Вып. 112: Геометрические методы в теории дифференциальных уравнений
|d 1978-1992
|
| 610 |
1 |
|
|a математика
|
| 610 |
1 |
|
|a дифференциальные уравнения
|
| 610 |
1 |
|
|a геометрические методы
|
| 610 |
1 |
|
|a качественная теория
|
| 610 |
1 |
|
|a частные производные
|
| 610 |
1 |
|
|a функции
|
| 610 |
1 |
|
|a теория
|
| 610 |
1 |
|
|a научные исследования
|
| 610 |
1 |
|
|a нелинейные уравнения
|
| 610 |
1 |
|
|a краевые задачи
|
| 675 |
|
|
|a 51
|v 3
|
| 675 |
|
|
|a 517.9
|v 3
|
| 702 |
|
1 |
|a Сибирский
|b К. С.
|4 340
|
| 801 |
|
0 |
|a MW
|b 63413507
|c 20011210
|g PSBO
|
| 801 |
|
1 |
|a RU
|b 63413507
|c 20120910
|
| 801 |
|
2 |
|a RU
|b 63413507
|c 20130208
|g RCR
|
| 942 |
|
|
|c BK
|